[Event "Campeonato del Mundo sub-20 2010"]
[Site "Chotowa POL"]
[Date "2010.08.04"]
[Round "2.45"]
[White "Roos, Adrian"]
[Black "Arenas Vanegas, David"]
[Result "0-1"]
[WhiteElo "2097"]
[BlackElo "2364"]
[PlyCount "99"]
[EventDate "2010.08.03"]
[EventType "swiss"]
[EventRounds "13"]
[EventCountry "POL"]
[Source "lmi"]
[SourceDate "2010.08.03"]

1. e4 c5 2. Nf3 d6 3. Bb5+ Nd7 4. c3 Ngf6 5. Qe2 a6 6. Ba4 c4 7. Bc2 Qc7 8. b3
b5 9. bxc4 bxc4 10. Na3 Nb6 11. e5 dxe5 12. Nxe5 Be6 13. Rb1 Nfd7 14. Nxd7 Bxd7
15. O-O e6 16. Be4 Rc8 17. Qh5 Bc5 18. Nc2 Bb5 19. Ne3 Bd6 20. Kh1 Qc5 21. Qxc5
Bxc5 22. Nc2 Ke7 23. f4 Rhd8 24. g3 f5 25. Bf3 Kf6 26. Kg2 h6 27. h4 Nd7 28.
Re1 e5 29. Ne3 Bxe3 30. Rxe3 exf4 31. gxf4 Nc5 32. Be2 Ne4 33. Rb2 Rd6 34. Kf1
g5 35. hxg5+ hxg5 36. fxg5+ Nxg5 37. Rg3 Rh8 38. a4 f4 39. Rg4 f3 40. Bxf3 Nxf3
41. Rf4+ Ke5 42. Rxf3 Bc6 43. Re3+ Be4 44. d4+ cxd3 45. Ke1 Rh1+ 46. Kd2 Rg6
47. Re1 Rg2+ 48. Kd1 Rxb2 49. Bxb2 Rh2 50. Bc1 0-1

[Event "Campeonato del Mundo sub-20 2010"]
[Site "Chotowa POL"]
[Date "2010.08.04"]
[Round "2.47"]
[White "Pierard, Florian"]
[Black "Anton, Teodor"]
[Result "0-1"]
[WhiteElo "2081"]
[BlackElo "2350"]
[PlyCount "80"]
[EventDate "2010.08.03"]
[EventType "swiss"]
[EventRounds "13"]
[EventCountry "POL"]
[Source "lmi"]
[SourceDate "2010.08.03"]

1. e4 c5 2. Nc3 a6 3. g3 b5 4. Bg2 Bb7 5. d3 e6 6. Nf3 Nf6 7. O-O b4 8. Ne2 d5
9. exd5 Nxd5 10. Ne5 Nd7 11. Nc4 Be7 12. Nf4 O-O 13. Re1 N7f6 14. Bd2 a5 15.
Re5 Ra7 16. a3 Nxf4 17. Bxf4 Nd5 18. axb4 cxb4 19. Be3 Nxe3 20. fxe3 Bd5 21. e4
Bxc4 22. dxc4 Qxd1+ 23. Rxd1 Bf6 24. Rb5 Bxb2 25. c5 Bc3 26. Bf1 a4 27. Bc4 Rc8
28. c6 Rac7 29. Rb6 Kf8 30. Ba6 Ra8 31. Bc4 a3 32. Ba2 Rac8 33. Rd6 Ke7 34.
Rd7+ Rxd7 35. cxd7 Kxd7 36. Rb7+ Kd6 37. Kf1 Bd4 38. Rxb4 Rxc2 39. Bb3 Bc5 40.
Ra4 Rxh2 0-1

[Event "Campeonato del Mundo sub-20 2010"]
[Site "Chotowa POL"]
[Date "2010.08.04"]
[Round "2.48"]
[White "Zhou, Yang-fan"]
[Black "Sreeves, Clement"]
[Result "1-0"]
[WhiteElo "2348"]
[BlackElo "2085"]
[PlyCount "79"]
[EventDate "2010.08.03"]
[EventType "swiss"]
[EventRounds "13"]
[EventCountry "POL"]
[Source "lmi"]
[SourceDate "2010.08.03"]

1. e4 c5 2. Nf3 d6 3. Bc4 Nf6 4. d3 Nc6 5. c3 g6 6. O-O Bg7 7. Bb3 O-O 8. Re1
e5 9. Nbd2 Be6 10. Nf1 h6 11. Ng3 d5 12. Ba4 Qc7 13. Bxc6 bxc6 14. exd5 Nxd5
15. Ne4 Qb6 16. Nd6 Qc7 17. Nc4 f6 18. Qa4 Rfe8 19. Na5 Bf7 20. Nb3 Nb6 21. Qh4
c4 22. dxc4 Nxc4 23. Nc5 Qe7 24. b4 f5 25. Qh3 h5 26. Bg5 Bf6 27. Bxf6 Qxf6 28.
Nd7 Qd6 29. Rad1 Bd5 30. Nc5 Qf6 31. Qg3 Rad8 32. a4 e4 33. Qg5 Kg7 34. Qxf6+
Kxf6 35. Nd4 e3 36. f4 g5 37. fxg5+ Kxg5 38. Nce6+ Kf6 39. Nxd8 Rxd8 40. Nxc6
1-0

[Event "Campeonato del Mundo sub-20 2010"]
[Site "Chotowa POL"]
[Date "2010.08.04"]
[Round "2.49"]
[White "Casanova, Fernando Ricardo So"]
[Black "Akkozov, Berik"]
[Result "1/2-1/2"]
[WhiteElo "2074"]
[BlackElo "2328"]
[PlyCount "150"]
[EventDate "2010.08.03"]
[EventType "swiss"]
[EventRounds "13"]
[EventCountry "POL"]
[Source "lmi"]
[SourceDate "2010.08.03"]

1. c4 Nf6 2. Nc3 e6 3. Nf3 d5 4. d4 Bb4 5. g3 dxc4 6. Bg2 Nc6 7. O-O O-O 8. a3
Be7 9. e4 Rb8 10. Be3 Na5 11. Bf4 Nb3 12. Rb1 b5 13. Ne5 Rb6 14. Be3 Nd7 15.
Nxd7 Bxd7 16. e5 c5 17. d5 exd5 18. Nxd5 Re6 19. Bh3 Bc6 20. Bxe6 fxe6 21. Nf4
Nd4 22. Bxd4 cxd4 23. Qg4 Rxf4 24. Qxe6+ Rf7 25. Qxc6 a6 26. a4 Qb8 27. e6 Rf6
28. Qxa6 d3 29. Qxb5 Qxb5 30. axb5 d2 31. Rfd1 Bb4 32. Kg2 Rxe6 33. Ra1 h6 34.
Ra8+ Kh7 35. Ra2 Rb6 36. Ra4 Rxb5 37. Kf3 Rb6 38. Rxb4 Rxb4 39. Rxd2 Rb3+ 40.
Ke4 c3 41. bxc3 Rxc3 42. f4 Kg6 43. Rd6+ Kf7 44. Ke5 Rc5+ 45. Rd5 Rc7 46. h4 g6
47. Ke4 Re7+ 48. Kf3 Re6 49. Kg4 h5+ 50. Kf3 Kf6 51. Ra5 Rb6 52. Ke4 Rb4+ 53.
Kf3 Rb3+ 54. Kf2 Rb2+ 55. Ke1 Rg2 56. Rg5 Ra2 57. f5 gxf5 58. Rxh5 Rg2 59. Rg5
Rh2 60. Rg8 Ke5 61. Kf1 Ke4 62. Kg1 Ra2 63. h5 Ra7 64. Rg6 f4 65. g4 Kf3 66.
Kh2 Ra2+ 67. Kh3 Ra1 68. Kh4 Kg2 69. Rf6 f3 70. h6 Rh1+ 71. Kg5 Kg3 72. Rf7 f2
73. Kg6 Rh4 74. Rxf2 Rxg4+ 75. Kf5 Rh4 1/2-1/2

[Event "Campeonato del Mundo sub-20 2010"]
[Site "Chotowa POL"]
[Date "2010.08.04"]
[Round "2.51"]
[White "Larmuseau, Michiel"]
[Black "Wieczorek, Oskar"]
[Result "0-1"]
[WhiteElo "2068"]
[BlackElo "2316"]
[PlyCount "70"]
[EventDate "2010.08.03"]
[EventType "swiss"]
[EventRounds "13"]
[EventCountry "POL"]
[Source "lmi"]
[SourceDate "2010.08.03"]

1. e4 c5 2. Nf3 e6 3. d3 Nc6 4. Nbd2 d5 5. g3 Nf6 6. Bg2 Be7 7. O-O b5 8. Re1
Bb7 9. e5 Nd7 10. Nf1 h6 11. Qe2 d4 12. Bd2 Nb6 13. Rac1 Qd7 14. h4 a5 15. g4
a4 16. Ng3 a3 17. b3 Nd5 18. Ra1 Ba6 19. Nh5 g6 20. Nf4 Nb6 21. Rec1 Rc8 22.
Kh2 c4 23. Kg3 c3 24. Be1 Bf8 25. Ng1 Bg7 26. Bxc6 Qxc6 27. Nfh3 Bb7 28. f4 g5
29. hxg5 hxg5 30. Nxg5 Nd5 31. Ne4 Nxf4 32. Kxf4 Bxe5+ 33. Kxe5 Qc7+ 34. Nd6+
Ke7 35. Kf4 f6 0-1

[Event "Campeonato del Mundo sub-20 2010"]
[Site "Chotowa POL"]
[Date "2010.08.04"]
[Round "2.52"]
[White "Posedaru, Bogdan"]
[Black "Lis, Marek"]
[Result "1/2-1/2"]
[WhiteElo "2294"]
[BlackElo "2072"]
[PlyCount "32"]
[EventDate "2010.08.03"]
[EventType "swiss"]
[EventRounds "13"]
[EventCountry "POL"]
[Source "lmi"]
[SourceDate "2010.08.03"]

1. d4 d6 2. c4 e5 3. d5 f5 4. e4 fxe4 5. Nc3 Nf6 6. Nge2 a5 7. Ng3 Be7 8. Ncxe4
O-O 9. Bd3 Na6 10. O-O Nxe4 11. Bxe4 Nc5 12. Bc2 g6 13. Bh6 Rf7 14. Qd2 Bf5 15.
Nxf5 gxf5 16. f4 e4 1/2-1/2

[Event "Campeonato del Mundo sub-20 2010"]
[Site "Chotowa POL"]
[Date "2010.08.04"]
[Round "2.53"]
[White "Lewtak, Damian"]
[Black "Barski, Radoslaw"]
[Result "1/2-1/2"]
[WhiteElo "2008"]
[BlackElo "2290"]
[PlyCount "177"]
[EventDate "2010.08.03"]
[EventType "swiss"]
[EventRounds "13"]
[EventCountry "POL"]
[Source "lmi"]
[SourceDate "2010.08.03"]

1. e4 c5 2. Nf3 d6 3. d4 Nf6 4. Nc3 cxd4 5. Nxd4 g6 6. Be3 Bg7 7. f3 Nc6 8. Qd2
O-O 9. O-O-O d5 10. Nxc6 bxc6 11. exd5 Nxd5 12. Nxd5 cxd5 13. Qxd5 Qc7 14. Qc5
Qb7 15. Qb5 Qxb5 16. Bxb5 Rb8 17. Bc4 Bxb2+ 18. Kd2 a5 19. Bb3 Bf5 20. g4 Bd7
21. a4 Be6 22. Bxe6 fxe6 23. Rb1 Rfd8+ 24. Ke2 Rdc8 25. Rhd1 Be5 26. Rxb8 Bxb8
27. h3 Be5 28. Bb6 Rxc2+ 29. Rd2 Rc4 30. Ra2 Bc7 31. Kd3 Rc6 32. Be3 Bb6 33.
Bf4 Rc5 34. Rb2 Rd5+ 35. Ke4 Bc5 36. Rd2 Bd6 37. Be3 Re5+ 38. Kd3 Bb4 39. Rc2
Kf7 40. Rc4 Rd5+ 41. Ke4 Rd1 42. Rc1 Rd5 43. Rc4 h5 44. Rc8 h4 45. Bd4 Rd7 46.
Rh8 Rb7 47. Rxh4 Be1 48. Rh7+ Ke8 49. Ke5 Kd7 50. Bc5 Bc3+ 51. Ke4 Bf6 52. h4
Kc6 53. Be3 Rb4+ 54. Kd3 Kd5 55. h5 g5 56. Rf7 Rxa4 57. Rf8 Ra3+ 58. Kd2 a4 59.
Rd8+ Kc6 60. Rc8+ Kd7 61. Ra8 Ra1 62. Kc2 a3 63. Bc1 a2 64. Bb2 Rf1 65. Rxa2
Rf2+ 66. Kc1 Rxf3 67. Ra7+ Kd6 68. Ba3+ Ke5 69. Bxe7 Bxe7 70. Rxe7 Rg3 71. h6
Rxg4 72. h7 Rh4 73. Kd2 Kf6 74. Rd7 Kf5 75. Ke3 Kg6 76. Re7 Kf6 77. Rd7 e5 78.
Kf3 Kg6 79. Re7 Kf5 80. Rf7+ Ke6 81. Rg7 Kf6 82. Ra7 e4+ 83. Ke3 Kf5 84. Rf7+
Kg4 85. Kxe4 Kh3+ 86. Kf5 g4 87. Kg6 g3 88. Kg7 Rxh7+ 89. Kxh7 1/2-1/2

[Event "Campeonato del Mundo sub-20 2010"]
[Site "Chotowa POL"]
[Date "2010.08.04"]
[Round "2.54"]
[White "Arun, Karthik Ravichandra"]
[Black "Zecevic, Ivan"]
[Result "1-0"]
[WhiteElo "2289"]
[BlackElo "1995"]
[PlyCount "79"]
[EventDate "2010.08.03"]
[EventType "swiss"]
[EventRounds "13"]
[EventCountry "POL"]
[Source "lmi"]
[SourceDate "2010.08.03"]

1. e4 c5 2. Nf3 Nc6 3. d4 cxd4 4. Nxd4 Nf6 5. Nc3 d6 6. Nde2 g6 7. g3 Bg7 8.
Bg2 O-O 9. O-O Bd7 10. b3 Ne5 11. Bb2 Rc8 12. Kh1 Qb6 13. h3 Rfd8 14. Nd5 Nxd5
15. exd5 Bb5 16. Rb1 Bxe2 17. Qxe2 Nd7 18. Bxg7 Kxg7 19. c4 Nf6 20. Qd2 Qc5 21.
Rfe1 Rc7 22. b4 Qb6 23. Bf1 a6 24. a4 Qa7 25. a5 Qb8 26. Qd4 h5 27. Rb3 Qc8 28.
Rbe3 Qd7 29. Kg2 Rdc8 30. Bd3 Re8 31. f3 e5 32. dxe6 fxe6 33. Bb1 d5 34. c5 Qf7
35. Re5 Kh7 36. g4 hxg4 37. hxg4 Rce7 38. Rh1+ Kg8 39. Rh6 Nd7 40. Rxe6 1-0

[Event "Campeonato del Mundo sub-20 2010"]
[Site "Chotowa POL"]
[Date "2010.08.04"]
[Round "2.56"]
[White "Soors, Stef"]
[Black "Bryan-vissi, Mark"]
[Result "1-0"]
[WhiteElo "2259"]
[BlackElo "1847"]
[PlyCount "69"]
[EventDate "2010.08.03"]
[EventType "swiss"]
[EventRounds "13"]
[EventCountry "POL"]
[Source "lmi"]
[SourceDate "2010.08.03"]

1. e4 c5 2. c3 d5 3. exd5 Qxd5 4. d4 Nc6 5. Nf3 Bg4 6. Be2 cxd4 7. cxd4 e6 8.
O-O Nf6 9. h3 Bh5 10. Nc3 Qd7 11. Be3 Bxf3 12. Bxf3 Be7 13. Qa4 O-O 14. Rfd1
Nd5 15. Rac1 Rac8 16. Nxd5 exd5 17. b4 Bxb4 18. Qb3 Rfd8 19. Rxc6 bxc6 20. Qxb4
Rb8 21. Qc3 Rdc8 22. Rc1 Rb6 23. a4 g6 24. h4 h5 25. Bf4 Kh7 26. a5 Rb5 27. Be2
a6 28. Bxb5 axb5 29. a6 Qa7 30. Qc5 Qxa6 31. Qe7 Rg8 32. Be5 Qc8 33. Qxf7+ Kh6
34. Bf4+ g5 35. hxg5+ 1-0

[Event "Campeonato del Mundo sub-20 2010"]
[Site "Chotowa POL"]
[Date "2010.08.04"]
[Round "2.57"]
[White "Guo-yuthok, Sherab"]
[Black "Ivanov, Stojan Lubomirov"]
[Result "0-1"]
[WhiteElo "1975"]
[BlackElo "2223"]
[PlyCount "152"]
[EventDate "2010.08.03"]
[EventType "swiss"]
[EventRounds "13"]
[EventCountry "POL"]
[Source "lmi"]
[SourceDate "2010.08.03"]

1. e4 c5 2. Nc3 d6 3. f4 Nf6 4. Nf3 Nc6 5. Bb5 Bd7 6. O-O g6 7. d3 Bg7 8. Qe1
O-O 9. Bxc6 Bxc6 10. f5 b5 11. Qh4 Qd7 12. h3 b4 13. Ne2 gxf5 14. Bh6 Kh8 15.
Ng5 e6 16. Ng3 Rg8 17. exf5 e5 18. Nh5 Nxh5 19. Qxh5 Bxh6 20. Qxh6 Rg7 21. Rf2
Rag8 22. h4 a5 23. Re1 Bd5 24. Re3 f6 25. Qxf6 Qd8 26. Qxd8 Rxd8 27. f6 Rg6 28.
c3 Rf8 29. c4 Bc6 30. f7 h6 31. Ne4 Bxe4 32. dxe4 Kg7 33. h5 Rg4 34. Ref3 Rxe4
35. Rg3+ Kh7 36. Rg6 Rf4 37. Rxf4 exf4 38. Kf2 Rxf7 39. Rxd6 Rf5 40. Rd7+ Kg8
41. Ra7 Rxh5 42. Rxa5 Kf7 43. Ra6 Rh1 44. b3 Ke7 45. Kf3 Rf1+ 46. Ke2 Rg1 47.
Kf2 Rh1 48. Kf3 Rf1+ 49. Ke2 Rg1 50. Kf2 Rh1 51. g3 fxg3+ 52. Kg2 Re1 53. Kxg3
Re6 54. Ra7+ Kd6 55. Kf4 Rf6+ 56. Kg4 Ke5 57. Rd7 Rd6 58. Ra7 Rd2 59. Ra6 Kd4
60. Kh5 Rh2+ 61. Kg4 Kc3 62. Kf3 h5 63. Kg3 Rd2 64. Kh4 Rh2+ 65. Kg3 Re2 66.
Kh4 Rxa2 67. Rxa2 Kxb3 68. Ra8 Kxc4 69. Kg3 b3 70. Rb8 Kc3 71. Kf2 c4 72. Ke3
b2 73. Ke4 Kc2 74. Kd4 b1=Q 75. Rxb1 Kxb1 76. Kxc4 h4 0-1

[Event "Campeonato del Mundo sub-20 2010"]
[Site "Chotowa POL"]
[Date "2010.08.04"]
[Round "2.58"]
[White "Smola, Michal"]
[Black "Jasiak, Filip"]
[Result "1-0"]
[WhiteElo "2220"]
[BlackElo "1757"]
[PlyCount "85"]
[EventDate "2010.08.03"]
[EventType "swiss"]
[EventRounds "13"]
[EventCountry "POL"]
[Source "lmi"]
[SourceDate "2010.08.03"]

1. e4 c5 2. Nf3 e6 3. d3 d5 4. Nbd2 g6 5. g3 Bg7 6. Bg2 Ne7 7. O-O O-O 8. Re1
d4 9. e5 Nd5 10. h4 Nc6 11. Nf1 Qc7 12. Qe2 b5 13. N1h2 Bb7 14. Ng4 Nce7 15.
Bh6 Nf5 16. Bxg7 Kxg7 17. h5 h6 18. Nfh2 Rac8 19. Nf6 Nfe7 20. Qg4 Nxf6 21.
exf6+ Kxf6 22. Bxb7 Qxb7 23. Qf4+ Kg7 24. Ng4 Ng8 25. Qe5+ Kh7 26. hxg6+ fxg6
27. Qxe6 Rce8 28. Qxe8 Rxe8 29. Rxe8 Qf3 30. Nh2 Qf7 31. Re5 Nf6 32. Rae1 Ng8
33. b3 Kg7 34. a4 Qc7 35. Nf3 Qd7 36. a5 Qc7 37. Re8 b4 38. R1e6 Qxa5 39. Ne5
g5 40. Rg6+ Kh7 41. Rgxg8 Qa1+ 42. Kg2 Qd1 43. Rgf8 1-0

[Event "Campeonato del Mundo sub-20 2010"]
[Site "Chotowa POL"]
[Date "2010.08.04"]
[Round "2.59"]
[White "Parol, Pawel"]
[Black "Tran, Ngoc Lan"]
[Result "0-1"]
[WhiteElo "1764"]
[BlackElo "2218"]
[PlyCount "72"]
[EventDate "2010.08.03"]
[EventType "swiss"]
[EventRounds "13"]
[EventCountry "POL"]
[Source "lmi"]
[SourceDate "2010.08.03"]

1. e4 e5 2. Nf3 Nc6 3. Bb5 a6 4. Ba4 Nf6 5. O-O Be7 6. Re1 b5 7. Bb3 O-O 8. h3
Bb7 9. c3 d5 10. exd5 Nxd5 11. d4 exd4 12. Nxd4 Nxd4 13. Qxd4 c5 14. Qe4 Re8
15. Bc2 g6 16. Qg4 Bd6 17. Rd1 Qe7 18. Bd2 Qe5 19. g3 Nf6 20. Qg5 Qe2 21. Be3
Qf3 22. Kf1 Rxe3 23. Qxe3 Qg2+ 24. Ke2 Re8 25. Rxd6 Rxe3+ 26. Kxe3 Qf3+ 27. Kd2
Qxf2+ 28. Kc1 Qxg3 29. Rd8+ Kg7 30. Nd2 Qxh3 31. Rd3 Qh1+ 32. Bd1 Ng4 33. Kc2
Qe1 34. Rd7 Ne3+ 35. Kb3 c4+ 36. Ka3 Qxd1 0-1

[Event "Campeonato del Mundo sub-20 2010"]
[Site "Chotowa POL"]
[Date "2010.08.05"]
[Round "3.1"]
[White "Sjugirov, Sanan"]
[Black "Recuero Guerra, David"]
[Result "1/2-1/2"]
[WhiteElo "2610"]
[BlackElo "2470"]
[PlyCount "76"]
[EventDate "2010.08.03"]
[EventType "swiss"]
[EventRounds "13"]
[EventCountry "POL"]
[Source "lmi"]
[SourceDate "2010.08.03"]

1. e4 e5 2. Nf3 Nc6 3. Bb5 f5 4. d3 fxe4 5. dxe4 Nf6 6. O-O Bc5 7. Qd3 d6 8.
Qc4 Qe7 9. Nc3 Bd7 10. Nd5 Nxd5 11. exd5 Nd4 12. Nxd4 Bxd4 13. Bxd7+ Qxd7 14.
a4 a6 15. Be3 Bxe3 16. fxe3 O-O-O 17. Rf3 Rdf8 18. Raf1 Rxf3 19. Rxf3 Kb8 20.
b3 Qe7 21. Qg4 Rf8 22. Qe6 Qd8 23. Rxf8 Qxf8 24. a5 g6 25. Qd7 Qh6 26. Qd8+ Ka7
27. Kf2 Qxh2 28. c4 e4 29. Qxc7 Qh4+ 30. Ke2 Qg4+ 31. Kd2 Qxg2+ 32. Kc3 Qg3 33.
Qb6+ Ka8 34. Kb2 Qf2+ 35. Ka3 Qe1 36. Qd8+ Ka7 37. Qb6+ Ka8 38. Qd8+ Ka7
1/2-1/2

[Event "Campeonato del Mundo sub-20 2010"]
[Site "Chotowa POL"]
[Date "2010.08.05"]
[Round "3.2"]
[White "Salgado Lopez, Ivan"]
[Black "Delorme, Axel"]
[Result "0-1"]
[WhiteElo "2607"]
[BlackElo "2455"]
[PlyCount "84"]
[EventDate "2010.08.03"]
[EventType "swiss"]
[EventRounds "13"]
[EventCountry "POL"]
[Source "lmi"]
[SourceDate "2010.08.03"]

1. Nf3 d5 2. d4 Nf6 3. c4 e6 4. Bg5 Bb4+ 5. Nbd2 dxc4 6. Qa4+ Nc6 7. e3 Bd7 8.
Qc2 b5 9. a3 Be7 10. b3 Na5 11. bxc4 Nxc4 12. Bxc4 bxc4 13. O-O c5 14. dxc5 Rc8
15. Bxf6 gxf6 16. Rfd1 Rxc5 17. Ne4 Rc7 18. Rd4 O-O 19. Rxc4 Rxc4 20. Qxc4 Qb6
21. Ng3 Kh8 22. h3 Bc6 23. Qh4 Qc5 24. Rd1 Rg8 25. a4 Qc2 26. Rd4 Bd5 27. Rf4
Rg6 28. e4 Bb7 29. Rg4 Qc5 30. Rxg6 fxg6 31. Qh6 Bd6 32. e5 Bxe5 33. Nxe5 fxe5
34. h4 Kg8 35. h5 Qd5 36. f3 Qd4+ 37. Kh2 Qh4+ 38. Kg1 Qd4+ 39. Kh2 Qh4+ 40.
Kg1 Qxg3 41. Qd2 Bxf3 42. Qd8+ Kg7 0-1

[Event "Campeonato del Mundo sub-20 2010"]
[Site "Chotowa POL"]
[Date "2010.08.05"]
[Round "3.3"]
[White "Salem, A.R. Saleh"]
[Black "Baryshpolets, Andrey"]
[Result "1/2-1/2"]
[WhiteElo "2469"]
[BlackElo "2450"]
[PlyCount "104"]
[EventDate "2010.08.03"]
[EventType "swiss"]
[EventRounds "13"]
[EventCountry "POL"]
[Source "lmi"]
[SourceDate "2010.08.03"]

1. d4 Nf6 2. c4 g6 3. Nc3 Bg7 4. e4 d6 5. f3 O-O 6. Be3 c5 7. Nge2 Nc6 8. d5
Ne5 9. Ng3 e6 10. Be2 exd5 11. cxd5 a6 12. a4 h5 13. O-O Nh7 14. Qd2 h4 15. Nh1
f5 16. Nf2 Bd7 17. a5 Qf6 18. f4 Nf7 19. e5 dxe5 20. Nd3 exf4 21. Rxf4 g5 22.
Rf2 f4 23. Bxc5 Nd6 24. Qd1 Rfe8 25. Bh5 Re7 26. Re2 Rc8 27. Bf2 Bf5 28. Nc5
Nf8 29. Ra4 Rxe2 30. Qxe2 Rc7 31. Rb4 Re7 32. Qd1 h3 33. gxh3 Bxh3 34. Rb6 g4
35. Ne6 Nc4 36. Nxf8 Nxb6 37. d6 g3 38. hxg3 fxg3 39. Bxb6 Qxd6 40. Nd5 Qxb6+
41. axb6 Bd4+ 42. Kh1 g2+ 43. Kh2 g1=Q+ 44. Qxg1+ Bxg1+ 45. Kxh3 Re5 46. Nf6+
Kg7 47. N8d7 Rb5 48. Bf3 Bxb6 49. Ne8+ Kh6 50. Bxb7 a5 51. Kg4 Rxb2 52. Bc6 Bd4
1/2-1/2

[Event "Campeonato del Mundo sub-20 2010"]
[Site "Chotowa POL"]
[Date "2010.08.05"]
[Round "3.4"]
[White "Bindrich, Falko"]
[Black "Nabaty, Tamir"]
[Result "1/2-1/2"]
[WhiteElo "2522"]
[BlackElo "2523"]
[PlyCount "38"]
[EventDate "2010.08.03"]
[EventType "swiss"]
[EventRounds "13"]
[EventCountry "POL"]
[Source "lmi"]
[SourceDate "2010.08.03"]

1. d4 d5 2. Nf3 c5 3. c4 dxc4 4. e4 cxd4 5. Qxd4 Qxd4 6. Nxd4 a6 7. Bxc4 e5 8.
Nf3 Nc6 9. Nc3 Nf6 10. O-O Bg4 11. Be3 Rc8 12. Rac1 Bd6 13. Nd2 Nd4 14. f3 Bd7
15. Kf2 Ke7 16. Ne2 Ne6 17. Nb3 Nc5 18. Nxc5 Bxc5 19. Bxc5+ Rxc5 1/2-1/2

[Event "Campeonato del Mundo sub-20 2010"]
[Site "Chotowa POL"]
[Date "2010.08.05"]
[Round "3.5"]
[White "Pacher, Milan"]
[Black "Tomczak, Jacek"]
[Result "0-1"]
[WhiteElo "2417"]
[BlackElo "2509"]
[PlyCount "114"]
[EventDate "2010.08.03"]
[EventType "swiss"]
[EventRounds "13"]
[EventCountry "POL"]
[Source "lmi"]
[SourceDate "2010.08.03"]

1. d4 Nf6 2. c4 g6 3. Nc3 d5 4. Nf3 Bg7 5. Qb3 dxc4 6. Qxc4 a6 7. Bf4 c6 8. e3
b5 9. Qb3 Be6 10. Qc2 c5 11. dxc5 Nc6 12. Be2 Nh5 13. O-O Nxf4 14. exf4 Qc7 15.
g3 O-O 16. Rac1 Nb4 17. Qe4 Nxa2 18. Nxa2 Bxa2 19. Ne5 e6 20. Rfe1 Rfd8 21. Bf1
Bd5 22. Qc2 b4 23. Bg2 a5 24. Qa4 g5 25. Re3 gxf4 26. gxf4 Bxg2 27. Kxg2 Rd4
28. Kf3 Rad8 29. Rg1 Qxc5 30. Nc6 Rd1 31. Rg5 R8d5 32. Qxd1 Qxe3+ 33. Kxe3 Rxd1
34. Rxa5 Bxb2 35. Nxb4 Bc1+ 36. Ke2 Rd2+ 37. Kf1 Rd1+ 38. Ke2 Rd2+ 39. Kf1 Rd4
40. Nc2 Rxf4 41. Rg5+ Kf8 42. Rg3 Bb2 43. Kg2 Be5 44. h3 Rc4 45. Ne3 Rc7 46.
Rg5 f5 47. Kf3 Kf7 48. Rg1 Rc3 49. Ke2 Bf6 50. Kf3 Be5 51. Ke2 h5 52. Rh1 Kf6
53. f3 Bf4 54. Nd1 Rc2+ 55. Kf1 Ke5 56. Rg1 Rd2 57. Ke1 Rh2 0-1

[Event "Campeonato del Mundo sub-20 2010"]
[Site "Chotowa POL"]
[Date "2010.08.05"]
[Round "3.7"]
[White "Dimitrov, Radoslav"]
[Black "Swiercz, Dariusz"]
[Result "0-1"]
[WhiteElo "2380"]
[BlackElo "2492"]
[PlyCount "68"]
[EventDate "2010.08.03"]
[EventType "swiss"]
[EventRounds "13"]
[EventCountry "POL"]
[Source "lmi"]
[SourceDate "2010.08.03"]

1. c4 e6 2. Nc3 d5 3. d4 Bb4 4. Nf3 Nf6 5. Bg5 h6 6. Bxf6 Qxf6 7. Qb3 c5 8. e3
O-O 9. a3 Ba5 10. cxd5 exd5 11. Qxd5 Qb6 12. O-O-O Bxc3 13. bxc3 cxd4 14. Qxd4
Qa5 15. Qb4 Qc7 16. Nd4 Na6 17. Nb5 Qb6 18. Qb2 Bg4 19. Rd4 Be6 20. Nd6 Qc6 21.
Nxb7 Nc7 22. Na5 Qc5 23. Qb4 Qf5 24. Rf4 Qg6 25. Nc6 Nd5 26. Qe4 Qh5 27. Bd3 g6
28. Rh4 Qg5 29. Bc4 Rfe8 30. Qd4 Nxc3 31. Kc2 Rac8 32. Ne5 Bxc4 33. Nxc4 Nb5
34. Qf4 Rxc4+ 0-1

[Event "Campeonato del Mundo sub-20 2010"]
[Site "Chotowa POL"]
[Date "2010.08.05"]
[Round "3.8"]
[White "Yilmaz, Mustafa"]
[Black "Dragun, Kamil"]
[Result "1/2-1/2"]
[WhiteElo "2479"]
[BlackElo "2379"]
[PlyCount "82"]
[EventDate "2010.08.03"]
[EventType "swiss"]
[EventRounds "13"]
[EventCountry "POL"]
[Source "lmi"]
[SourceDate "2010.08.03"]

1. e4 c5 2. Nf3 d6 3. d4 cxd4 4. Nxd4 Nf6 5. Nc3 Nc6 6. Bc4 Qb6 7. Nb3 e6 8.
Bf4 Ne5 9. Be2 Bd7 10. Be3 Qc7 11. Nb5 Bxb5 12. Bxb5+ Nc6 13. Qd3 a6 14. Bxc6+
Qxc6 15. f3 d5 16. e5 Nd7 17. Bd4 Nc5 18. Qe3 Nxb3 19. axb3 Rc8 20. c3 Bc5 21.
Ra5 Bxd4 22. Qxd4 O-O 23. O-O Qc7 24. Ra4 f6 25. Re1 Qc5 26. Qxc5 Rxc5 27. Rb4
b5 28. exf6 Rxf6 29. Rd4 Kf7 30. f4 Rc6 31. Re5 g6 32. g3 Rf5 33. g4 Rxe5 34.
fxe5 g5 35. Kf2 Kg6 36. Ke3 h5 37. h3 a5 38. c4 bxc4 39. bxc4 hxg4 40. cxd5 Rc5
41. Rd2 Rc4 1/2-1/2

[Event "Campeonato del Mundo sub-20 2010"]
[Site "Chotowa POL"]
[Date "2010.08.05"]
[Round "3.11"]
[White "Fodor, Tamas Jr"]
[Black "Matlakov, Maxim"]
[Result "0-1"]
[WhiteElo "2452"]
[BlackElo "2603"]
[PlyCount "36"]
[EventDate "2010.08.03"]
[EventType "swiss"]
[EventRounds "13"]
[EventCountry "POL"]
[Source "lmi"]
[SourceDate "2010.08.03"]

1. Nf3 Nf6 2. c4 g6 3. d4 Bg7 4. Nc3 d5 5. e3 O-O 6. cxd5 Nxd5 7. Bc4 Nb6 8.
Bb3 c5 9. dxc5 N6d7 10. Qd5 Na6 11. c6 bxc6 12. Qxc6 Rb8 13. O-O Nac5 14. Qd5
Bb7 15. Qg5 Bxf3 16. gxf3 Qa5 17. Rd1 Bf6 18. Qd5 Nb6 0-1

[Event "Campeonato del Mundo sub-20 2010"]
[Site "Chotowa POL"]
[Date "2010.08.05"]
[Round "3.13"]
[White "Potapov, Pavel"]
[Black "Saric, Ivan"]
[Result "0-1"]
[WhiteElo "2445"]
[BlackElo "2584"]
[PlyCount "120"]
[EventDate "2010.08.03"]
[EventType "swiss"]
[EventRounds "13"]
[EventCountry "POL"]
[Source "lmi"]
[SourceDate "2010.08.03"]

1. e4 e5 2. Nf3 Nc6 3. Nc3 Nf6 4. d4 exd4 5. Nxd4 Bb4 6. Nxc6 bxc6 7. Bd3 d6 8.
O-O Ng4 9. Qf3 Qh4 10. Bf4 Qf6 11. Be2 O-O 12. Qg3 h5 13. h4 Re8 14. Bg5 Qe6
15. Bd3 Bxc3 16. bxc3 a5 17. a4 Ba6 18. Rab1 Qe5 19. Qxe5 Nxe5 20. Bxa6 Rxa6
21. Rb7 Rc8 22. Rfb1 Raa8 23. Be3 c5 24. Kf1 Nc4 25. Ke2 Ne5 26. Kf1 Nc4 27.
Ke2 Nb6 28. Ra1 f6 29. f4 Kf7 30. Rd1 Ke6 31. f5+ Kd7 32. Bxc5 Kc6 33. Rxb6+
cxb6 34. Bd4 b5 35. Kd3 bxa4 36. Ra1 Rcb8 37. c4 a3 38. Rxa3 Rb1 39. Ke2 a4 40.
Bf2 Re8 41. Kd3 Rd1+ 42. Ke2 Rh1 43. Kf3 Ra8 44. Ke2 Ra6 45. g3 Ra8 46. Kd2 Rh2
47. Ke2 Rb8 48. Rxa4 Rb2 49. Kf3 Rxc2 50. Bd4 Ra2 51. Rb4 Ra3+ 52. Be3 Rc2 53.
Rb1 Rxc4 54. Re1 Rcc3 55. Kf2 d5 56. exd5+ Kxd5 57. Bf4 Rc2+ 58. Kg1 Raa2 59.
Bb8 Re2 60. Rc1 Ke4 0-1

[Event "Campeonato del Mundo sub-20 2010"]
[Site "Chotowa POL"]
[Date "2010.08.05"]
[Round "3.17"]
[White "Ter-Sahakyan, Samvel"]
[Black "Debashis, Das"]
[Result "0-1"]
[WhiteElo "2525"]
[BlackElo "2411"]
[PlyCount "116"]
[EventDate "2010.08.03"]
[EventType "swiss"]
[EventRounds "13"]
[EventCountry "POL"]
[Source "lmi"]
[SourceDate "2010.08.03"]

1. e4 c5 2. Nf3 e6 3. d4 cxd4 4. Nxd4 a6 5. Bd3 Nf6 6. f4 d6 7. Nc3 Nbd7 8. Be3
b5 9. a4 b4 10. Nc6 Qc7 11. Nxb4 Bb7 12. Nba2 Nc5 13. Qf3 d5 14. Bxc5 Bxc5 15.
e5 Nd7 16. O-O-O O-O 17. Qh3 g6 18. Rhf1 Rab8 19. g4 Rfc8 20. Ne2 Qb6 21. b3
Ba3+ 22. Kd2 Nc5 23. Ke1 a5 24. Bb5 Ne4 25. Nd4 Bb2 26. Qe3 Bxd4 27. Rxd4 Rxc2
28. Rxe4 Qc7 29. Rd4 Rxa2 30. Rf2 Ra1+ 31. Rd1 Rxd1+ 32. Kxd1 Rc8 33. f5 d4 34.
Qf4 Bd5 35. fxg6 Bxb3+ 36. Ke1 hxg6 37. Kf1 Bc4+ 38. Kg2 Qb7+ 39. Kg3 Bxb5 40.
axb5 d3 41. b6 Rd8 42. h4 d2 43. Rxd2 Rxd2 44. Qxd2 Qxb6 45. h5 Qg1+ 46. Kh4
Qh1+ 47. Kg5 gxh5 48. Qd8+ Kh7 49. Qf6 Qb7 50. Kxh5 Qc7 51. g5 Qd7 52. Qh6+ Kg8
53. Qf6 Qd3 54. Kh4 a4 55. Qe7 a3 56. g6 Qe4+ 57. Kh3 Qf3+ 58. Kh4 Qf4+ 0-1